Lady Gaga – wszystkie piosenki - Statystyki

Ogólne statystyki
  • Ten quiz został rozwiązany 397 razy
    150 od ostatniego zresetowania
  • Średni wynik to 39 z 141
Statystyki odpowiedzi
Tytuł % Poprawnych
Poker Face
96%
Bad Romance
79%
Paparazzi
74%
Born This Way
72%
Just Dance
71%
Judas
70%
Alejandro
66%
Shallow
65%
Telephone
62%
LoveGame
58%
Bloody Mary
57%
Applause
56%
Rain On Me
56%
ARTPOP
54%
The Fame
52%
Monster
50%
G.U.Y.
49%
Joanne
49%
Americano
48%
The Edge Of Glory
48%
Marry The Night
46%
Venus
46%
Heavy Metal Lover
45%
Eh, Eh (Nothing Else I Can Say)
44%
Government Hooker
44%
Aura
43%
A-YO
43%
Die With A Smile
43%
Disease
42%
Hair
41%
Money Honey
41%
911
40%
Alice
40%
Donatella
39%
John Wayne
39%
Swine
39%
Beautiful, Dirty, Rich
38%
Million Reasons
38%
Speechless
38%
Dance In The Dark
37%
Scheiße
37%
Yoü And I
37%
Babylon
36%
Boys Boys Boys
36%
Sexxx Dreams
36%
Dope
35%
Fashion!
35%
Gypsy
35%
So Happy I Could Die
35%
Sour Candy
35%
Teeth
35%
Always Remember Us This Way
34%
Starstruck
34%
Black Jesus + Amen Fashion
32%
Replay
32%
Summerboy
32%
The Joker
32%
Jewels N' Drugs
31%
Mary Jane Holland
31%
Paper Gangsta
31%
Perfect Illusion
31%
Stupid Love
31%
1000 Doves
30%
Bad Kids
30%
Cheek To Cheek
30%
Disco Heaven
30%
Electric Chapel
30%
Enigma
30%
Hold My Hand
30%
MANiCURE
30%
Brown Eyes
29%
Free Woman
28%
I Like It Rough
28%
The Queen
27%
Highway Unicorn (Road To Love)
26%
Angel Down
25%
Fashion Of His Love
25%
Love For Sale
25%
Plastic Doll
25%
The Cure
25%
Dancin' In Circles
24%
Diamond Heart
24%
Hey Girl
24%
Sine From Above
24%
Come To Mama
23%
Do What U Want
23%
Fun Tonight
21%
Good Morning
21%
Folie À Deux
20%
Happy Mistake
20%
I'll Never Love Again
19%
Grigio Girls
18%
Retro, Dance, Freak
16%
Just Another Day
14%
Get Happy
13%
Sinner's Prayer
13%
Smile
13%
Again Again
11%
Oh, When The Saints
11%
That's Life
11%
Hair Body Face
10%
Heal Me
10%
If My Friends Could See Me Now
10%
Look What I Found
10%
World On A String
10%
Close To You
9%
Gonna Build A Mountain
9%
That's Entertainment
9%
Why Did You Do That?
9%
Anything Goes
7%
Is That Alright?
7%
La Vie En Rose
7%
Let's Do It
7%
Night And Day
6%
Before I Cry
5%
Diggin' My Grave
5%
Firefly
5%
I Get A Kick Out Of You
5%
Love Me Right
5%
Lush Life
5%
Music To My Eyes
5%
Til It Happens To You
5%
But Beautiful
4%
Do I Love You
4%
Dream Dancing
4%
I Can't Give You Anything But Love
4%
I Concentrate On You
4%
I Don't Know What Love Is
4%
I've Got You Under My Skin
4%
I Won't Dance
3%
The Lady Is A Tramp
3%
Goody Goody
2%
It's De-Lovely
2%
You're The Top
2%
Bewitched
1%
Ev'ry Time We Say Goodbye
1%
Let's Face The Music And Dance
1%
If Don't Mean A Thing (If It Ain't Got That Swing)
0%
Nature Body
0%
They All Laughed
0%
To Love Somebody
0%
Nie znaleziono quizów pasujących do podanych kryteriów
Rozkład punktacji
Procent ludzi z każdym wynikiem
Percentyl według liczby udzielonych odpowiedzi
Twoja historia wyników
Nie rozwiązałeś tego quizu od ostatniego zresetowania